Các mô hình thống kê tuyến tính và ứng dụng : Luận văn tốt nghiệp Cao học. Chuyên ngành Lý thuyết xác suất và Thống kê toán học

Trình bày mô hình tuyến tính tổng quát trong đó có các ứng dụng lý thuyết hồi qui bội, phân tích phương sai, hiệp phương sai; sử dụng mô hình tuyến tính trong phân tích kết quả học tập của sinh viện khoa Y, trường Cao đẳng Y tế Cần Thơ, gia...

全面介绍

Đã lưu trong:
书目详细资料
主要作者: Trần, Thị Thùy Dương
格式: 图书
语言:Undetermined
出版: Cần Thơ Trường Đại học Cần Thơ 2016
主题:
标签: 添加标签
没有标签, 成为第一个标记此记录!
Thư viện lưu trữ: Trung tâm Học liệu Trường Đại học Cần Thơ
LEADER 01478nam a2200217Ia 4500
001 CTU_211827
008 210402s9999 xx 000 0 und d
082 |a 519.536 
082 |b D561 
088 |a 60460106 
100 |a Trần, Thị Thùy Dương 
245 0 |a Các mô hình thống kê tuyến tính và ứng dụng : 
245 0 |b Luận văn tốt nghiệp Cao học. Chuyên ngành Lý thuyết xác suất và Thống kê toán học 
245 0 |c Trần Thị Thùy Dương ; Tô Anh Dũng (Cán bộ hướng dẫn) 
260 |a Cần Thơ 
260 |b Trường Đại học Cần Thơ 
260 |c 2016 
520 |a Trình bày mô hình tuyến tính tổng quát trong đó có các ứng dụng lý thuyết hồi qui bội, phân tích phương sai, hiệp phương sai; sử dụng mô hình tuyến tính trong phân tích kết quả học tập của sinh viện khoa Y, trường Cao đẳng Y tế Cần Thơ, giai đoạn 1012 - 2014; ứng dụng mô hình tuyến tính tổng quát trong phân tích số liệu về sự hài lòng sủa sinh viên đối với công tác đào tạo của một số trường đại học thuộc ĐBSCL 
650 |a Phân tích hồi qui,Regression analysis 
904 |i Nguyên 
980 |a Trung tâm Học liệu Trường Đại học Cần Thơ